<?xml version="1.0" encoding="UTF-8"?>
<marc:record xmlns:marc="http://www.loc.gov/MARC21/slim">
   <marc:leader>00000nam a2200000 a 4500</marc:leader>
   <marc:datafield ind1="1" ind2=" " tag="100">
      <marc:subfield code="a">Maniparampil, Jose</marc:subfield>
      <marc:subfield code="4">aut</marc:subfield>
      <marc:subfield code="e">Verfasser/-in</marc:subfield>
   </marc:datafield>
   <marc:datafield ind1=" " ind2=" " tag="653">
      <marc:subfield code="a">Verzeihung</marc:subfield>
   </marc:datafield>
   <marc:datafield ind1=" " ind2=" " tag="653">
      <marc:subfield code="a">Christentum</marc:subfield>
   </marc:datafield>
   <marc:datafield ind1=" " ind2=" " tag="653">
      <marc:subfield code="a">Liebe</marc:subfield>
   </marc:datafield>
   <marc:datafield ind1=" " ind2=" " tag="653">
      <marc:subfield code="a">Konflikt</marc:subfield>
   </marc:datafield>
   <marc:datafield ind1=" " ind2=" " tag="653">
      <marc:subfield code="a">Versöhnung</marc:subfield>
   </marc:datafield>
   <marc:datafield ind1=" " ind2=" " tag="653">
      <marc:subfield code="a">Vergebung</marc:subfield>
   </marc:datafield>
   <marc:datafield ind1=" " ind2=" " tag="653">
      <marc:subfield code="a">Gebete</marc:subfield>
   </marc:datafield>
   <marc:datafield ind1=" " ind2=" " tag="653">
      <marc:subfield code="a">Gesangbücher</marc:subfield>
   </marc:datafield>
   <marc:datafield ind1=" " ind2=" " tag="653">
      <marc:subfield code="a">Meditationen</marc:subfield>
   </marc:datafield>
   <marc:datafield ind1="0" ind2="0" tag="245">
      <marc:subfield code="a">Wo Liebe verzeiht</marc:subfield>
   </marc:datafield>
   <marc:datafield ind1="0" ind2="0" tag="245">
      <marc:subfield code="b">theologische und praktische Wege zu Konfliktbewältigung und Friedensaufbau</marc:subfield>
   </marc:datafield>
   <marc:datafield ind1="0" ind2="0" tag="245">
      <marc:subfield code="c">Jose Maniparampil</marc:subfield>
   </marc:datafield>
   <marc:datafield ind1=" " ind2="1" tag="264">
      <marc:subfield code="a">Vallendar-Schönstatt</marc:subfield>
      <marc:subfield code="b">Biblia Publ. - Patris-Verl.</marc:subfield>
      <marc:subfield code="c">2013</marc:subfield>
   </marc:datafield>
   <marc:datafield ind1="1" ind2=" " tag="520">
      <marc:subfield code="a">Angaben aus der Verlagsmeldung

Wo Liebe verzeiht : Theologische und praktische Wege zu Konfliktbewältigung und Friedensaufbau / von Jose Maniparampil

Menschen kämpfen gern. Sie können oft nicht vergeben. Sie können sich oft nicht versöhnen. Unversöhnlich zu sein, ist aber schädlich. Wie findet man Mittel zur Konfliktlösung? Wie kann man Auseinandersetzungen vermeiden und Konflikte schlichten?
Was hat Jesus getan, die Uneinigkeit unter seinen Aposteln zu beheben? Soll ein schuldloser Mensch den Versöhnungsprozess einleiten? Warum konnte Jesus Judas nicht gewinnen? Wie kann man andere lieben? Wie kann man anderen vergeben? Was hat Vorrang, Liebe oder Vergebung? Wie oft soll ich jemandem vergeben?
In diesem Buch werden theologische und praktische Lösungswege beschrieben. Der Autor betrachtet auf neue Weise Texte der Heiligen Schrift, um dem Leser einen Ausblick auf sein Leben zu eröffnen.
</marc:subfield>
   </marc:datafield>
   <marc:datafield ind1=" " ind2=" " tag="020">
      <marc:subfield code="a">9783876204123</marc:subfield>
      <marc:subfield code="9">9783876204123</marc:subfield>
   </marc:datafield>
   <marc:datafield ind1=" " ind2=" " tag="041">
      <marc:subfield code="a">ger</marc:subfield>
   </marc:datafield>
   <marc:datafield ind1=" " ind2=" " tag="300">
      <marc:subfield code="a">51 S.</marc:subfield>
   </marc:datafield>
</marc:record>
